Catégories aux Oscars du cinéma - Statistiques

Statistiques générales
  • Ce quiz a été pris 2 288 fois
    250 depuis la dernière actualisation
  • Le résultat moyen est 15 sur 24
Statistiques - réponses
Date Meilleur .... % Correct
1929 Acteur
100%
1929 Actrice
98%
1929 Film
94%
1929 Réalisateur
92%
1935 Musique de film
85%
1937 Acteur dans un second rôle
78%
1937 Actrice dans un second rôle
78%
2002 Film d'animation
74%
1949 Costumes
71%
1930 Son
65%
1940 Effets visuels
61%
1929 Décors
59%
1947 Film international
58%
1982 Maquillages et coiffures
57%
1929 Photographie
57%
1935 Montage
55%
1941 Scénario original
55%
1942 Film documentaire
50%
2026 Casting
39%
1929 Scénario adapté
38%
1932 Court métrage d'animation
31%
1935 Chanson originale
28%
1943 Court métrage documentaire
27%
1932 Court Métrage de Fiction
22%
Aucun quiz correspondant
Distribution des résultats
% des personnes avec chaque résultat
Percentile par nombre de réponses
Votre historique - résultats
Vous n’avez pas pris ce quiz depuis la dernière actualisation